书目信息 |
| 题名: |
创意摄影
|
|
| 作者: | 蔡林 编著 | |
| 分册: | ||
| 出版信息: | 哈尔滨 黑龙江美术出版社 1997.01 |
|
| 页数: | 497页 | |
| 开本: | 19cm | |
| 丛书名: | ||
| 单 册: | ||
| 中图分类: | J404 | |
| 科图分类: | ||
| 主题词: | 摄影艺术--艺术理论 | |
| 电子资源: | ||
| ISBN: | 7-5318-0400-X | |
| 000 | 00535nam0 2200193 45 | |
| 001 | 0003021591 | |
| 005 | 20040521110350.6 | |
| 010 | @a7-5318-0400-X@dCNY38.80 | |
| 100 | @a20000302d1997 km y0chiy0120 ea | |
| 101 | 0 | @achi |
| 105 | @a z 000yy | |
| 200 | 1 | @a创意摄影@AChuang Yi She Ying@f蔡林编著@FCai Lin Bian Zhu |
| 210 | @a哈尔滨@c黑龙江美术出版社@d1997.01 | |
| 215 | @a497页@c冠图@d19cm | |
| 606 | 0 | @a摄影艺术@x艺术理论 |
| 690 | @aJ404@v1 | |
| 701 | 0 | @a蔡林@4编著 |
| 801 | @aCN@bTSTC@c20000302 | |
| 905 | @dJ404@e94@f1@b285472 | |
| 创意摄影/蔡林编著.-哈尔滨:黑龙江美术出版社,1997.01 |
| 497页:冠图;19cm |
| ISBN 7-5318-0400-X:CNY38.80 |
| ● |
| 相关链接 |
|
|
|
|
正题名:创意摄影
索取号:J404/94
 
预约/预借
| 序号 | 登录号 | 条形码 | 馆藏地/架位号 | 状态 | 备注 |
| 1 | 0285472 | 002854726 | 第一样本阅览室/ [索取号:J404/94] | 在馆 |